000 00284nam a22001217a 4500
008 170321b xxu||||| |||| 00| 0 eng d
041 _aeng
080 _a616.12-008-073
100 _a7
101 _aSHM
245 _aTHE NEONATE WITH CONGENITAL HEART DISEASE
_cROWE
942 _2udc
_cBK
999 _c8255
_d8255